The flight of the dragon; (Record no. 77058)
[ view plain ]
| 000 -LEADER | |
|---|---|
| fixed length control field | 00951cam a22003011 4500 |
| 001 - CONTROL NUMBER | |
| control field | 77058 |
| 003 - CONTROL NUMBER IDENTIFIER | |
| rucl marc code | BD-RjUL |
| 005 - DATE AND TIME OF LATEST TRANSACTION | |
| control field | 20211209082924.0 |
| 008 - FIXED-LENGTH DATA ELEMENTS--GENERAL INFORMATION | |
| fixed length control field | 200220r19111953enk 000 0 eng |
| 035 ## - SYSTEM CONTROL NUMBER | |
| System control number | (BD-RjUL)77282 |
| System control number | (OCoLC)2017339 |
| 040 ## - CATALOGING SOURCE | |
| Original cataloging agency | DLC |
| Transcribing agency | NAlfC |
| Modifying agency | DLC |
| Language of cataloging | eng |
| 041 ## - LANGUAGE CODE | |
| Language code of text/sound track or separate title | eng |
| 042 ## - AUTHENTICATION CODE | |
| Authentication code | premarc |
| 082 ## - DEWEY DECIMAL CLASSIFICATION NUMBER | |
| Classification number | 709.51 |
| Edition number | 19 |
| Author mark and year | BIF 1953 |
| 100 1# - MAIN ENTRY--PERSONAL NAME | |
| Personal name | Binyon, Laurence, |
| Dates associated with a name | 1869-1943. |
| 9 (RLIN) | 239580 |
| 245 14 - TITLE STATEMENT | |
| Title | The flight of the dragon; |
| Remainder of title | an essay on the theory and practice of art in China and Japan, based on original sources, |
| Statement of responsibility, etc. | by Laurence Binyon. |
| 260 ## - PUBLICATION, DISTRIBUTION, ETC. (IMPRINT) | |
| Place of publication, distribution, etc. | London, |
| Name of publisher, distributor, etc. | J. Murray, |
| Date of publication, distribution, etc. | 1911[1953] |
| 300 ## - PHYSICAL DESCRIPTION | |
| Pagination | 112 p. ; |
| Size | 17 cm. |
| 490 0# - SERIES STATEMENT | |
| Series statement | Wisdom of the East |
| 500 ## - GENERAL NOTE | |
| General note | "First edition...1911; reprinted...1914." |
| 650 #0 - SUBJECT ADDED ENTRY--TOPICAL TERM | |
| Topical term or geographic name as entry element | Art |
| Geographic subdivision | China. |
| 9 (RLIN) | 239581 |
| Topical term or geographic name as entry element | Art |
| Geographic subdivision | Japan. |
| 9 (RLIN) | 239582 |
| 906 ## - LOCAL DATA ELEMENT F, LDF (RLIN) | |
| a | 7 |
| b | cbc |
| c | oclcrpl |
| d | u |
| e | ncip |
| f | 19 |
| g | y-gencatlg |
| 942 ## - ADDED ENTRY ELEMENTS (KOHA) | |
| Source of classification or shelving scheme | Dewey Decimal Classification |
| Koha item type | Books |
| Lost status | Source of classification or shelving scheme | Damaged status | Not for loan | Collection code | Permanent Location | Current Location | Shelving location | Date acquired | Total Checkouts | Full call number | Date last seen | Copy number | Koha item type |
|---|---|---|---|---|---|---|---|---|---|---|---|---|---|
| Dewey Decimal Classification | Not For Loan | Non-fiction | Central Library, University of Rajshahi | Central Library, University of Rajshahi | Reading Room | 20/02/2020 | 709.51 BIF 1953 | 20/02/2020 | C-1 | Books |